| 000 | 00393cam a22001217a 4500 | ||
|---|---|---|---|
| 008 | 180718b1966 xxu||||| |||| 00| 0 eng d | ||
| 082 | _aA81x54 In2/61/6/Pt1C | ||
| 100 | _aCensus of India 1961 | ||
| 245 | _aJammu and Kashmir: subsidiary tables | ||
| 260 |
_aDelhi _bThe Manager of Publications _c1966 |
||
| 300 | _a366+p. | ||
| 440 | _aCensus of India 1961. Volume VI, Jammu and Kashmir. Part I-C | ||
| 999 |
_c484112 _d484112 |
||